Szczegóły MARC21

Ekonomia wiedzy niedoskonałej : kurs walutowy i ryzyko /

003 -Nazwa inst., której nr kontr. jest w polu 001 [,]
    • @
    • Nazwa instytucji, której n kontrolny jest w polu 001
    • NUKAT
005 -DATA I CZAS OSTATNIEJ MODYFIKACJI [,]
    • @
    • pole kontrolne
    • 20241231092546.0
020 -Międzynarod. znormalizowany nr książki - ISBN [ , ]
    • a
    • Numer ISBN
    • 9788361006626 Find
040 -Instytucja sporządzająca opis [ , ]
    • a
    • Instytucja, która sporządziła opis (NP)
    • WR U/al
    • c
    • Instytucja, która sporządziła rekord (NP)
    • WR U/al
    • d
    • Instytucja, która zmodyfikowała rekord (P)
    • WR U/hp
    • d
    • Instytucja, która zmodyfikowała rekord (P)
    • WR U/al
    • d
    • Instytucja, która zmodyfikowała rekord (P)
    • WA U/DNs
    • d
    • Instytucja, która zmodyfikowała rekord (P)
    • KAT 001/PD
041 -Język dokumentu [1, ]
    • a
    • Język tekstu (P)
    • polski
    • h
    • Język tekstu oryginalnego i/lub pośredniego (P)
    • angielski
942 -Rodzaj dokumentu [ , ]
    • c
    • Rodzaj dokumentu
    • Książka
100 -Hasło główne - nazwa osobowa [1, ]
    • a
    • Nazwa osobowa (NP)
    • Frydman, Roman
    • d
    • Daty biograficzne (NP)
    • (1948- ).
    • 9
    • KHW
    • 64357
240 -Tytuł ujednolicony [1,0]
    • a
    • Tytuł ujednolicony
    • Imperfect knowledge economics
    • l
    • Język tekstu
    • (pol.)
    • 9
    • KHW
    • 64362
245 -Strefa tytułu i oznaczenia odpowiedzialności [1,0]
    • a
    • Tytuł
    • Ekonomia wiedzy niedoskonałej : Find
    • b
    • Ciąg dalszy tytułu (NP)
    • kurs walutowy i ryzyko / Find
    • c
    • Pozostałe elementy strefy tytułu i oznaczenia odpowiedzialności (NP)
    • Roman Frydman, Michael D. Goldberg ; przedm. Edmund S. Phelps ; przeł. Michał Krawczyk.
260 -Strefa adresu wydawniczego [ , ]
    • a
    • Miejsce wydania (P)
    • Warszawa :
    • b
    • Nazwa wydawcy (P)
    • Wydawnictwo Krytyki Politycznej,
    • c
    • Data wydania (P)
    • 2009.
300 -Strefa opisu fizycznego [ , ]
    • a
    • Określenie formy książki i/lub objętość (NP)
    • XXII, [2], 316, [4] s. :
    • b
    • Oznaczenie ilustracji (NP)
    • il. ;
    • c
    • Format (NP)
    • 24 cm.
336 -Typ zawartości [ , ]
    • a
    • Termin opisujący typ zawartości
    • Tekst
    • b
    • Kod określający zawartość
    • txt
    • 2
    • Źródło (terminu i kodu)
    • rdacontent
337 -Typ mediów [ , ]
    • a
    • Tryb odtwarzania
    • Bez urządzenia pośredniczącego
    • b
    • Kod typu mediów
    • n
    • 2
    • Źródło (terminu i kodu)
    • rdamedia
338 -Typ/rodzaj nośnika [ , ]
    • a
    • Hasło opisujące typ nośnika
    • Wolumin
    • b
    • Kod typu nośnika
    • nc
    • 2
    • Źródło (terminu i kodu)
    • rdacarrier
490 -Strefa serii i książki wielotomowej - forma nie do wyszukiwania [1, ]
    • a
    • Tytuł (P)
    • Seria Ekonomiczna ; Find
    • v
    • Numeracja (P)
    • t. 1
830 -Hasło dodatkowe serii i opisu książki wielotomowej - tytuł ujednolicony/tytuł [ ,0]
    • a
    • Tytuł ujednolicony/tytuł (NP)
    • Seria Ekonomiczna - Wydawnictwo Krytyki Politycznej
    • v
    • Oznaczenie tomu (NP)
    • t. 1
    • 9
    • KHW
    • 64361
504 -Uwaga dot. bibliogr. załącznikowej [ , ]
    • a
    • Uwaga dot. bibliografii załącznikowej
    • Bibliogr. s. 289-308. Indeks.
080 -Uniwersalna Klasyfikacja Dziesiętna [ , ]
    • 2
    • Identyfikator wydania tablic
    • UDC-P058
    • 9
    • UKD
    • 2941
    • a
    • Symbol klasyfikacji
    • 33.01
    • b
    • Dopowiedzenie
    • Teoria ekonomii.
080 -Uniwersalna Klasyfikacja Dziesiętna [ , ]
    • 2
    • Identyfikator wydania tablic
    • UDC-P058
    • 9
    • UKD
    • 3330
    • a
    • Symbol klasyfikacji
    • 339.722
    • b
    • Dopowiedzenie
    • Obrót złotem i dewizami. Międzynarodowy rynek pieniężny (finansowy). Rynek walutowy.
080 -Uniwersalna Klasyfikacja Dziesiętna [ , ]
    • 2
    • Identyfikator wydania tablic
    • UDC-P058
    • 9
    • UKD
    • 3335
    • a
    • Symbol klasyfikacji
    • 339.74
    • b
    • Dopowiedzenie
    • Polityka dewizowa. Kursy walutowe. Wymienialność. Międzynarodowe kursy walutowe. Wojna dewizowa
650 -Hasło przedmiotowe [ ,7]
    • a
    • Hasło przedmiotowe
    • Ekonomia
    • y
    • Określnik chronologiczny
    • 1990-.
    • 2
    • Źródło terminu
    • kaba
    • 9
    • KHW
    • 369096
650 -Hasło przedmiotowe [ ,7]
    • a
    • Hasło przedmiotowe
    • Kurs walutowy
    • y
    • Określnik chronologiczny
    • 1990-.
    • 2
    • Źródło terminu
    • kaba
    • 9
    • KHW
    • 380258
650 -Hasło przedmiotowe [ ,7]
    • a
    • Hasło przedmiotowe
    • Ryzyko.
    • 2
    • Źródło terminu
    • kaba
    • 9
    • KHW
    • 128975
980 -Symbol UKD [ , ]
    • a
    • UKD
    • 33.01:339.722:339.74
700 -Hasło dodatkowe - nazwa osobowa [1, ]
    • a
    • Nazwa osobowa (NP)
    • Krawczyk, Michał Find
    • c
    • Dopowiedzenie inne niż daty biograficzne (NP)
    • (tłumacz).
    • e
    • Określenie rodzaju współpracy
    • Tł.
    • 9
    • KHW
    • 64360
700 -Hasło dodatkowe - nazwa osobowa [1, ]
    • a
    • Nazwa osobowa (NP)
    • Goldberg, Michael D. Find
    • d
    • Daty biograficzne (NP)
    • (1958- ).
    • 9
    • KHW
    • 64358
700 -Hasło dodatkowe - nazwa osobowa [1, ]
    • a
    • Nazwa osobowa (NP)
    • Phelps, Edmund Find
    • d
    • Daty biograficzne (NP)
    • (1933- ).
    • e
    • Określenie rodzaju współpracy
    • Przedm.
    • 9
    • KHW
    • 13443
710 -Hasło dodatkowe - nazwa ciała zbiorowego [2, ]
    • a
    • Nazwa ciała zbiorowego lub nazwa geograficzna jako pierwszy element (NP)
    • Wydawnictwo Krytyki Politycznej.
    • 4
    • Kod relacji
    • pbl
    • 9
    • KHW
    • 56873
920 -ISBN [ , ]
    • a
    • ISBN
    • 978-83-61006-62-6 Find
Status udost. Numer inwentarzowy Sygnatura Data inwentaryzacji Lokalizacja
-2T.13114T.131142013-10-28T
-2TM.10685TM.106852014-02-28T
-3TM.10686TM.106862014-02-28T